Right to access to Information: A contemporaneous Legal issue in Kenya's Jurisprudence/ (Record no. 4196)

000 -LEADER
fixed length control field 00436nam a22001457a 4500
003 - CONTROL NUMBER IDENTIFIER
control field OSt
005 - DATE AND TIME OF LATEST TRANSACTION
control field 20190711134448.0
008 - FIXED-LENGTH DATA ELEMENTS--GENERAL INFORMATION
fixed length control field 190711b xxu||||| |||| 00| 0 eng d
050 ## - LIBRARY OF CONGRESS CALL NUMBER
Classification number KEA505.62.W47 2018
100 ## - MAIN ENTRY--PERSONAL NAME
Personal name Wesonga, M. John
245 ## - TITLE STATEMENT
Title Right to access to Information: A contemporaneous Legal issue in Kenya's Jurisprudence/
Statement of responsibility, etc John Masirivai Wesonga
260 ## - PUBLICATION, DISTRIBUTION, ETC. (IMPRINT)
Place of publication, distribution, etc Nairobi
Date of publication, distribution, etc 2018
300 ## - PHYSICAL DESCRIPTION
Extent ix, 66p
Dimensions 26cm
942 ## - ADDED ENTRY ELEMENTS (KOHA)
Source of classification or shelving scheme
Koha item type Research Project
Holdings
Withdrawn status Lost status Source of classification or shelving scheme Damaged status Not for loan Home library Current library Shelving location Date acquired Total Checkouts Full call number Barcode Date last seen Price effective from Koha item type
          Riara University Library Riara University Library Special Collection 11/07/2019   RUSC KEA505.62.W47 2018 10122/19 11/07/2019 11/07/2019 Research Project

Riara University Library,
P.O. Box 49940-00100,
Nairobi, Kenya.